000 00726 a2200217 4500
010 _aENG-89756
020 _a8120335110
_c425.00
035 _aEN-73289
037 _bDBAD / PUB
082 1 4 _a621.395
090 _c11606
_d11606
100 1 _aChaudhuri, P. Pal
245 1 _aComputer organization and design/
_cby P.Pal Chaudhuri
250 _a3rd ed
260 _aNew Delhi
_bPrentice-Hall of India
_c2008
270 _aM-97, Connaught Circus,
_bNew Delhi
_cDelhi
_e110001
300 _axvii, 897p.
_c24cm. (Pbk)
500 _aIncludes bibliographical references & index.
942 _adpl
_cEN
_k621.395 / CHA
999 _c11289
_d11289